El sistema americano de negocios (Registro nro. 5622)

Detalles MARC
000 -LEADER
fixed length control field 00994 a2200205 4500
001 - CONTROL NUMBER
control field 54542
005 - DATE AND TIME OF LATEST TRANSACTION
control field 20260407155819.0
008 - FIXED-LENGTH DATA ELEMENTS--GENERAL INFORMATION
fixed length control field 260407a1959 arg spa d
003 - CONTROL NUMBER IDENTIFIER
control field AR-UNSa-BCEJYS
040 ## - CATALOGING SOURCE
Original cataloging agency AR-UNSa-BCEJYS
Language of cataloging spa
Transcribing agency AR-UNSa-BCEJYS
080 ## - UNIVERSAL DECIMAL CLASSIFICATION NUMBER
Universal Decimal Classification number 330(73)
Common auxiliary subdivision Economía de los Estados Unidos
041 ## - LANGUAGE CODE
Language code of text/sound track or separate title spa
100 1# - MAIN ENTRY--PERSONAL NAME
Personal name Cochran, Thomas C.
245 10 - TITLE STATEMENT
Title El sistema americano de negocios
264 #1 - PRODUCTION, PUBLICATION, DISTRIBUTION, MANUFACTURE, AND COPYRIGHT NOTICE
Place of production, publication, distribution, manufacture Buenos Aires :
Name of producer, publisher, distributor, manufacturer Ágora
Date of production, publication, distribution, manufacture, or copyright notice 1959
300 ## - PHYSICAL DESCRIPTION
Extent 234 p.
Dimensions 20 cm.
505 ## - FORMATTED CONTENTS NOTE
Formatted contents note Primera parte (1900-1930) - 1. Los negocios como institución noorteamericana - 2. Fundamentos del cambio mercantil - 3. Pautas del capital y de la industria - 4. La implicación de los grandes negocios - 5. La era de los banqueros - Segunda parte (1930-1955) - 6. Paralización y auge en los negocios - 7. Nuevo ambiente mercantil - 8. Los negocios y el público - 9. Los hombres de negocios norteamericanos - 10. Cambio cultural y desafío
590 ## - LOCAL NOTE (RLIN)
Local note niveau_biblio:m niveau_hierar:0
942 ## - ADDED ENTRY ELEMENTS (KOHA)
Koha item type
Existencias
Withdrawn status Lost status Damaged status Not for loan Home library Current library Shelving location Date acquired Total checkouts Full call number Barcode Date last seen Price effective from Koha item type
        Biblioteca Prof. Eusebio Cleto del Rey Biblioteca Prof. Eusebio Cleto del Rey   07/04/2026   330(73) C663 L20235 07/04/2026 07/04/2026 Libro